[Event "Turniej Blitza na II Lidze Juniorów 2018"]
[Site "Szczyrk, Poland"]
[Date "2018.07.26"]
[Round "2.13"]
[White "Buraczewski, Rafal"]
[Black "Urbanski, Wojciech"]
[Result "1-0"]
[TimeControl "3'+2\""]
[WhiteElo "1927"]
[BlackElo "1472"]

1. Nf3 {[%clk 00:03:02]} {[%emt 00:00:58]} c5 {[%clk 00:02:57]} {[%emt
00:00:20]} 2. g3 {[%clk 00:03:03]} {[%emt 00:00:01]} Nc6 {[%clk 00:02:40]}
{[%emt 00:00:18]} 3. Bg2 {[%clk 00:03:04]} d6 {[%clk 00:02:41]} {[%emt
00:00:02]} 4. O-O {[%clk 00:03:05]} {[%emt 00:00:02]} Nf6 {[%clk 00:02:42]} 5.
b3 {[%clk 00:03:06]} g6 {[%clk 00:02:43]} 6. Bb2 {[%clk 00:03:07]} Bg7 {[%clk
00:02:44]} {[%emt 00:00:01]} 7. c4 {[%clk 00:03:08]} e5 {[%clk 00:02:42]}
{[%emt 00:00:04]} 8. d3 {[%clk 00:03:08]} {[%emt 00:00:02]} O-O {[%clk
00:02:40]} {[%emt 00:00:03]} 9. Nbd2 {[%clk 00:03:09]} {[%emt 00:00:01]} Be6
{[%clk 00:02:40]} {[%emt 00:00:03]} 10. Ng5 {[%clk 00:03:09]} {[%emt 00:00:02]}
Qd7 {[%clk 00:02:26]} {[%emt 00:00:16]} 11. Nxe6 {[%clk 00:03:08]} {[%emt
00:00:03]} fxe6 {[%clk 00:02:23]} {[%emt 00:00:05]} 12. a3 {[%clk 00:02:53]}
{[%emt 00:00:18]} d5 {[%clk 00:02:12]} {[%emt 00:00:12]} 13. cxd5 {[%clk
00:02:54]} exd5 {[%clk 00:02:13]} {[%emt 00:00:01]} 14. Rc1 {[%clk 00:02:55]}
b6 {[%clk 00:02:14]} 15. b4 {[%clk 00:02:47]} {[%emt 00:00:10]} cxb4 {[%clk
00:01:55]} {[%emt 00:00:20]} 16. axb4 {[%clk 00:02:48]} {[%emt 00:00:02]} Rfe8
{[%clk 00:01:37]} {[%emt 00:00:20]} 17. Qa4 {[%clk 00:02:41]} {[%emt 00:00:08]}
Rac8 {[%clk 00:01:31]} {[%emt 00:00:09]} 18. Qa1 {[%clk 00:02:23]} {[%emt
00:00:19]} Nxb4 {[%clk 00:00:57]} {[%emt 00:00:36]} 19. Bxe5 {[%clk 00:02:11]}
{[%emt 00:00:14]} Rxe5 {[%clk 00:00:52]} {[%emt 00:00:07]} 20. Rxc8+ {[%clk
00:02:04]} {[%emt 00:00:10]} Qxc8 {[%clk 00:00:51]} {[%emt 00:00:02]} 21. Qxe5
{[%clk 00:02:05]} {[%emt 00:00:02]} Ne4 {[%clk 00:00:52]} 22. Qf4 {[%clk
00:01:56]} {[%emt 00:00:08]} g5 {[%clk 00:00:46]} {[%emt 00:00:10]} 23. Qe3
{[%clk 00:01:27]} {[%emt 00:00:31]} Nc2 {[%clk 00:00:37]} {[%emt 00:00:13]} 24.
Rc1 {[%clk 00:01:28]} {[%emt 00:00:01]} Bb2 {[%clk 00:00:38]} 25. Nxe4 dxe4
{[%clk 00:00:34]} 26. Qxg5+ {[%clk 00:01:21]} {[%emt 00:00:02]} Kh8 {[%clk
00:00:33]} {[%emt 00:00:03]} 27. Bxe4 {[%clk 00:00:54]} {[%emt 00:00:30]} a5
{[%clk 00:00:30]} {[%emt 00:00:04]} 28. Qh5 {[%clk 00:00:41]} {[%emt 00:00:11]}
Qc7 {[%clk 00:00:32]} {[%emt 00:00:04]} 29. Rxc2 {[%clk 00:00:41]} {[%emt
00:00:02]} Qd7 {[%clk 00:00:18]} {[%emt 00:00:15]} 30. Rc8+ {[%clk 00:00:39]}
{[%emt 00:00:05]} 1-0

[Event "Turniej Blitza na II Lidze Juniorów 2018"]
[Site "Szczyrk, Poland"]
[Date "2018.07.26"]
[Round "2.56"]
[White "Zabrzanski, Marcin"]
[Black "Zdybel, Przemyslaw"]
[Result "0-1"]
[TimeControl "3'+2\""]
[WhiteElo "1112"]
[BlackElo "1334"]

1. e4 {[%clk 00:03:01]} {[%emt 00:00:03]} c5 {[%clk 00:03:02]} {[%emt
00:00:02]} 2. Nf3 {[%clk 00:03:02]} {[%emt 00:00:02]} d6 {[%clk 00:03:03]} 3.
d4 cxd4 4. Nxd4 {[%emt 00:00:02]} Nf6 5. Nc3 {[%clk 00:03:04]} a6 {[%clk
00:03:07]} 6. Bd3 {[%emt 00:00:03]} e5 {[%emt 00:00:01]} 7. Nb3 {[%clk
00:03:01]} {[%emt 00:00:05]} Be6 {[%clk 00:03:06]} {[%emt 00:00:04]} 8. f4
{[%clk 00:03:00]} {[%emt 00:00:02]} Qc7 {[%clk 00:02:47]} {[%emt 00:00:22]} 9.
Qf3 {[%clk 00:02:54]} {[%emt 00:00:08]} Be7 {[%clk 00:02:34]} {[%emt 00:00:16]}
10. Be3 {[%clk 00:02:53]} {[%emt 00:00:03]} Nbd7 {[%clk 00:02:20]} {[%emt
00:00:15]} 11. O-O {[%emt 00:00:16]} exf4 {[%emt 00:00:38]} 12. Qxf4 {[%clk
00:02:03]} {[%emt 00:00:02]} Ne5 {[%clk 00:02:14]} {[%emt 00:00:08]} 13. Nd4
{[%clk 00:01:52]} {[%emt 00:00:13]} Bd7 {[%clk 00:01:45]} {[%emt 00:00:30]} 14.
Rfe1 {[%clk 00:01:21]} {[%emt 00:00:32]} O-O {[%clk 00:01:42]} {[%emt
00:00:07]} 15. Be2 {[%clk 00:01:20]} {[%emt 00:00:04]} Rac8 {[%clk 00:01:12]}
{[%emt 00:00:31]} 16. Qg3 {[%clk 00:01:20]} {[%emt 00:00:02]} b5 {[%clk
00:00:57]} {[%emt 00:00:18]} 17. Bh6 {[%clk 00:01:10]} {[%emt 00:00:11]} Ng6
{[%clk 00:00:56]} {[%emt 00:00:03]} 18. Bg5 {[%clk 00:00:52]} {[%emt 00:00:20]}
Qc5 {[%clk 00:00:48]} {[%emt 00:00:10]} 19. Rad1 {[%clk 00:00:46]} {[%emt
00:00:08]} Qe5 {[%clk 00:00:31]} {[%emt 00:00:19]} 20. Bf4 {[%emt 00:00:02]}
Qc5 {[%emt 00:00:02]} 21. Be3 Qe5 {[%emt 00:00:01]} 22. h3 {[%clk 00:00:47]}
{[%emt 00:00:03]} Qxg3 {[%clk 00:00:32]} {[%emt 00:00:01]} 23. Bf2 {[%emt
00:00:02]} Qe5 24. Nf5 {[%emt 00:00:02]} Bxf5 {[%emt 00:00:01]} 25. exf5 {[%emt
00:00:01]} Qxf5 {[%emt 00:00:02]} 26. Bg4 {[%clk 00:00:49]} Nxg4 {[%clk
00:00:34]} {[%emt 00:00:02]} 27. hxg4 {[%emt 00:00:02]} Qf6 {[%emt 00:00:01]}
28. g5 {[%emt 00:00:01]} Qxg5 29. Be3 {[%clk 00:00:48]} {[%emt 00:00:04]} Qg4
{[%clk 00:00:37]} {[%emt 00:00:02]} 30. Bf2 {[%clk 00:00:46]} {[%emt 00:00:04]}
Bh4 31. Bxh4 {[%emt 00:00:02]} Nxh4 {[%clk 00:00:39]} {[%emt 00:00:01]} 32.
Rxd6 {[%clk 00:00:44]} {[%emt 00:00:03]} Qxg2# {[%clk 00:00:39]} 0-1

[Event "Turniej Blitza na II Lidze Juniorów 2018"]
[Site "Szczyrk, Poland"]
[Date "2018.07.26"]
[Round "2.36"]
[White "Poltorak, Sebastian"]
[Black "Uliasz, Miroslaw"]
[Result "1-0"]
[TimeControl "3'+2\""]
[WhiteElo "1594"]
[BlackElo "1075"]

1. d4 {[%clk 00:03:02]} {[%emt 02:23:18]} Nf6 {[%clk 00:03:03]} {[%emt
00:00:02]} 2. c4 {[%clk 00:03:03]} g6 {[%clk 00:03:04]} 3. Nc3 {[%clk
00:03:05]} {[%emt 00:00:01]} Bg7 {[%clk 00:03:06]} 4. e4 {[%clk 00:03:06]} d6
{[%clk 00:03:07]} {[%emt 00:00:02]} 5. f3 {[%clk 00:03:07]} O-O {[%clk
00:03:07]} {[%emt 00:00:02]} 6. Nge2 {[%clk 00:03:08]} c6 {[%clk 00:03:04]}
{[%emt 00:00:06]} 7. Be3 {[%clk 00:03:09]} {[%emt 00:00:01]} Na6 {[%clk
00:03:02]} {[%emt 00:00:04]} 8. Qd2 {[%clk 00:03:09]} {[%emt 00:00:02]} Nc7
{[%clk 00:03:03]} {[%emt 00:00:01]} 9. Ng3 {[%clk 00:03:08]} {[%emt 00:00:03]}
Bd7 {[%clk 00:02:57]} {[%emt 00:00:09]} 10. h4 {[%clk 00:03:09]} h5 {[%clk
00:02:54]} {[%emt 00:00:04]} 11. a4 {[%clk 00:03:07]} {[%emt 00:00:03]} a6
{[%clk 00:02:48]} {[%emt 00:00:08]} 12. Be2 {[%clk 00:03:03]} {[%emt 00:00:06]}
b5 {[%clk 00:02:24]} {[%emt 00:00:27]} 13. axb5 {[%clk 00:03:03]} {[%emt
00:00:02]} axb5 {[%clk 00:02:25]} {[%emt 00:00:01]} 14. Rxa8 {[%clk 00:03:04]}
{[%emt 00:00:01]} Qxa8 {[%clk 00:02:21]} {[%emt 00:00:06]} 15. cxb5 {[%clk
00:03:04]} {[%emt 00:00:02]} cxb5 {[%clk 00:02:13]} {[%emt 00:00:10]} 16. O-O
{[%clk 00:03:00]} {[%emt 00:00:05]} e5 {[%clk 00:01:45]} {[%emt 00:00:30]} 17.
dxe5 {[%clk 00:02:50]} {[%emt 00:00:13]} dxe5 {[%clk 00:01:45]} {[%emt
00:00:02]} 18. Rd1 {[%clk 00:02:49]} {[%emt 00:00:03]} Rd8 {[%clk 00:01:30]}
{[%emt 00:00:16]} 19. Bb6 {[%clk 00:02:48]} {[%emt 00:00:04]} b4 {[%clk
00:01:13]} {[%emt 00:00:19]} 20. Bxc7 {[%clk 00:02:38]} {[%emt 00:00:12]} bxc3
{[%clk 00:01:14]} {[%emt 00:00:01]} 21. bxc3 {[%clk 00:02:35]} {[%emt
00:00:05]} Qa7+ {[%clk 00:01:13]} {[%emt 00:00:03]} 22. Kh1 {[%clk 00:02:33]}
{[%emt 00:00:04]} Qxc7 {[%clk 00:01:13]} {[%emt 00:00:02]} 23. Nf1 {[%clk
00:02:26]} {[%emt 00:00:10]} Bf8 {[%emt 00:00:11]} 24. Ne3 {[%clk 00:02:22]}
{[%emt 00:00:05]} Be7 {[%clk 00:01:05]} 25. Nd5 {[%clk 00:02:21]} {[%emt
00:00:03]} Nxd5 {[%clk 00:01:03]} {[%emt 00:00:04]} 26. exd5 {[%clk 00:02:21]}
{[%emt 00:00:02]} Kg7 {[%clk 00:00:51]} {[%emt 00:00:14]} 27. d6 {[%clk
00:02:22]} Bxd6 {[%clk 00:00:45]} {[%emt 00:00:08]} 28. Qxd6 {[%clk 00:02:22]}
{[%emt 00:00:01]} Qxd6 {[%clk 00:00:36]} {[%emt 00:00:12]} 29. Rxd6 {[%clk
00:02:23]} {[%emt 00:00:02]} Kf8 {[%clk 00:00:35]} {[%emt 00:00:02]} 30. Rd5
{[%clk 00:02:08]} {[%emt 00:00:17]} f6 {[%clk 00:00:31]} {[%emt 00:00:06]} 31.
Bd3 {[%clk 00:02:06]} {[%emt 00:00:04]} Kf7 {[%clk 00:00:30]} {[%emt 00:00:04]}
32. c4 {[%clk 00:02:01]} {[%emt 00:00:06]} g5 {[%clk 00:00:17]} {[%emt
00:00:15]} 33. hxg5 {[%clk 00:01:59]} {[%emt 00:00:05]} fxg5 {[%clk 00:00:18]}
34. c5 {[%clk 00:01:56]} {[%emt 00:00:05]} Ke6 {[%clk 00:00:17]} {[%emt
00:00:02]} 35. Rd6+ {[%clk 00:01:56]} {[%emt 00:00:01]} Ke7 {[%clk 00:00:16]}
{[%emt 00:00:04]} 36. Rd5 {[%clk 00:01:47]} {[%emt 00:00:11]} Bc6 {[%clk
00:00:15]} {[%emt 00:00:03]} 37. Rxe5+ {[%clk 00:01:48]} {[%emt 00:00:01]} Kf6
{[%clk 00:00:14]} {[%emt 00:00:03]} 38. Re3 {[%clk 00:01:44]} {[%emt 00:00:06]}
Kf7 {[%clk 00:00:06]} {[%emt 00:00:45]} 39. Bc4+ {[%clk 00:02:42]} {[%emt
00:00:01]} Kf6 {[%clk 00:00:06]} {[%emt 00:00:01]} 40. Re6+ {[%clk 00:02:43]}
Kf5 {[%clk 00:00:06]} {[%emt 00:00:03]} 41. Rxc6 {[%clk 00:02:41]} {[%emt
00:00:02]} Rd1+ {[%clk 00:00:05]} {[%emt 00:00:03]} 42. Kh2 {[%clk 00:02:44]}
g4 {[%emt 00:00:03]} 43. fxg4+ hxg4 {[%clk 00:00:06]} {[%emt 00:00:01]} 44. Rd6
{[%clk 00:02:42]} {[%emt 00:00:05]} Re1 {[%clk 00:00:05]} {[%emt 00:00:02]} 45.
c6 {[%clk 00:02:40]} {[%emt 00:00:04]} Re4 {[%clk 00:00:06]} {[%emt 00:00:01]}
46. Bd3 {[%clk 00:02:41]} {[%emt 00:00:02]} Kf4 {[%clk 00:03:02]} {[%emt
00:00:02]} 1-0

[Event "Turniej Blitza na II Lidze Juniorów 2018"]
[Site "Szczyrk, Poland"]
[Date "2018.07.26"]
[Round "2.9"]
[White "Klepek, Witold"]
[Black "Wolaniecki, Patryk"]
[Result "1-0"]
[TimeControl "3'+2\""]
[WhiteElo "2035"]
[BlackElo "1512"]

1. e4 {[%clk 00:03:03]} {[%emt 00:07:20]} b6 {[%clk 00:03:04]} {[%emt
00:00:01]} 2. d4 {[%clk 00:03:03]} {[%emt 00:00:01]} Bb7 {[%clk 00:03:05]} 3.
Bd3 {[%clk 00:03:04]} {[%emt 00:00:02]} e6 {[%clk 00:03:05]} {[%emt 00:00:02]}
4. Nf3 {[%clk 00:03:04]} {[%emt 00:00:02]} Ne7 {[%clk 00:03:05]} {[%emt
00:00:02]} 5. O-O {[%clk 00:03:04]} {[%emt 00:00:02]} d5 {[%clk 00:03:06]}
{[%emt 00:00:01]} 6. Nbd2 {[%clk 00:03:03]} {[%emt 00:00:02]} g6 {[%clk
00:03:06]} {[%emt 00:00:04]} 7. c4 {[%clk 00:02:54]} {[%emt 00:00:11]} dxc4
{[%clk 00:02:57]} {[%emt 00:00:11]} 8. Nxc4 {[%clk 00:02:54]} Bg7 {[%clk
00:02:58]} {[%emt 00:00:01]} 9. e5 {[%clk 00:02:44]} {[%emt 00:00:12]} O-O
{[%clk 00:02:55]} {[%emt 00:00:05]} 10. Be3 {[%clk 00:02:37]} {[%emt 00:00:08]}
Nd5 {[%clk 00:02:52]} {[%emt 00:00:06]} 11. Ncd2 {[%clk 00:02:34]} {[%emt
00:00:05]} f5 {[%clk 00:02:44]} {[%emt 00:00:11]} 12. Nb3 {[%clk 00:02:15]}
{[%emt 00:00:20]} Nc6 {[%clk 00:02:22]} {[%emt 00:00:24]} 13. Rc1 {[%clk
00:02:13]} {[%emt 00:00:04]} Nce7 {[%clk 00:02:09]} {[%emt 00:00:15]} 14. Bg5
{[%clk 00:02:03]} {[%emt 00:00:12]} Qe8 {[%clk 00:01:58]} {[%emt 00:00:14]} 15.
Qe2 {[%clk 00:01:58]} {[%emt 00:00:06]} Qf7 {[%clk 00:01:56]} {[%emt 00:00:04]}
16. Bd2 {[%clk 00:01:54]} {[%emt 00:00:07]} Rfd8 {[%clk 00:01:49]} {[%emt
00:00:08]} 17. Ng5 {[%clk 00:01:53]} {[%emt 00:00:03]} Qe8 {[%clk 00:01:44]}
{[%emt 00:00:07]} 18. Nxe6 {[%clk 00:01:53]} {[%emt 00:00:02]} Rd7 {[%clk
00:01:36]} {[%emt 00:00:10]} 19. Nxg7 {[%clk 00:01:53]} {[%emt 00:00:02]} Kxg7
{[%clk 00:01:37]} {[%emt 00:00:01]} 20. Bg5 {[%clk 00:01:52]} {[%emt 00:00:03]}
h6 {[%clk 00:01:12]} {[%emt 00:00:27]} 21. Bd2 {[%clk 00:01:43]} {[%emt
00:00:11]} c6 {[%clk 00:01:02]} {[%emt 00:00:12]} 22. e6 {[%clk 00:01:29]}
{[%emt 00:00:16]} Rdd8 {[%clk 00:00:54]} {[%emt 00:00:10]} 23. Rfe1 {[%clk
00:01:25]} {[%emt 00:00:06]} Nf6 {[%clk 00:00:38]} {[%emt 00:00:18]} 24. Qe5
{[%clk 00:01:21]} {[%emt 00:00:05]} Ned5 {[%clk 00:00:29]} {[%emt 00:00:13]} 25.
Bc4 {[%clk 00:01:17]} {[%emt 00:00:05]} Rac8 {[%clk 00:00:23]} {[%emt
00:00:08]} 26. Bxd5 {[%clk 00:01:14]} {[%emt 00:00:05]} Rxd5 {[%clk 00:00:24]}
{[%emt 00:00:01]} 27. Bxh6+ {[%clk 00:01:15]} {[%emt 00:00:02]} Kxh6 {[%clk
00:00:21]} {[%emt 00:00:04]} 28. Qxf6 {[%clk 00:01:15]} {[%emt 00:00:01]} Rc7
{[%clk 00:00:17]} {[%emt 00:00:07]} 29. Rc3 {[%clk 00:01:16]} {[%emt 00:00:02]}
f4 {[%clk 00:00:13]} {[%emt 00:00:06]} 30. Rh3+ {[%clk 00:01:15]} {[%emt
00:00:02]} Rh5 {[%clk 00:00:14]} {[%emt 00:00:01]} 31. Qxf4+ {[%clk 00:01:12]}
{[%emt 00:00:05]} Kg7 {[%clk 00:00:14]} {[%emt 00:00:02]} 32. Qxc7+ {[%clk
00:01:13]} {[%emt 00:00:01]} Kf6 {[%clk 00:00:14]} {[%emt 00:00:02]} 33. Qf4+
{[%clk 00:01:11]} {[%emt 00:00:03]} Ke7 {[%clk 00:00:14]} {[%emt 00:00:04]} 34.
Rxh5 {[%clk 00:01:11]} {[%emt 00:00:01]} gxh5 {[%clk 00:00:14]} {[%emt
00:00:02]} 35. Qc7+ {[%clk 00:01:09]} {[%emt 00:00:04]} Kf6 {[%clk 00:00:15]}
{[%emt 00:00:01]} 36. Qxb7 {[%clk 00:01:10]} {[%emt 00:00:01]} Qg8 {[%clk
00:00:11]} {[%emt 00:00:07]} 37. Nd2 {[%clk 00:01:04]} {[%emt 00:00:07]} Kg6
{[%clk 00:00:10]} {[%emt 00:00:04]} 38. Qxc6 {[%clk 00:01:01]} {[%emt
00:00:04]} Kh7 {[%clk 00:00:10]} {[%emt 00:00:02]} 39. Ne4 {[%clk 00:01:01]}
{[%emt 00:00:02]} Qd8 {[%clk 00:00:09]} {[%emt 00:00:03]} 40. Qd7+ {[%clk
00:01:01]} {[%emt 00:00:03]} 1-0

[Event "Turniej Blitza na II Lidze Juniorów 2018"]
[Site "Szczyrk, Poland"]
[Date "2018.07.26"]
[Round "2.45"]
[White "Ziemniak, Piotr"]
[Black "Trzebinski, Sylwester"]
[Result "1-0"]
[TimeControl "3'+2\""]
[WhiteElo "1737"]
[BlackElo "1182"]

1. e4 {[%clk 00:03:01]} {[%emt 00:00:01]} d5 {[%clk 00:03:03]} {[%emt
00:00:02]} 2. exd5 {[%clk 00:03:02]} {[%emt 00:00:01]} Nf6 {[%clk 00:03:03]}
{[%emt 00:00:02]} 3. d4 {[%clk 00:03:01]} {[%emt 00:00:03]} Nxd5 {[%clk
00:03:02]} {[%emt 00:00:03]} 4. Be2 {[%clk 00:03:02]} Nc6 {[%clk 00:02:58]}
{[%emt 00:00:05]} 5. Nf3 {[%clk 00:03:03]} {[%emt 00:00:02]} e6 {[%clk
00:02:55]} {[%emt 00:00:05]} 6. O-O {[%clk 00:03:03]} {[%emt 00:00:01]} Bd6
{[%clk 00:02:53]} {[%emt 00:00:05]} 7. c4 {[%clk 00:03:04]} {[%emt 00:00:01]}
Nf6 {[%clk 00:02:45]} {[%emt 00:00:09]} 8. Bg5 {[%clk 00:03:04]} {[%emt
00:00:03]} O-O {[%clk 00:02:42]} {[%emt 00:00:05]} 9. Nc3 {[%clk 00:03:05]}
{[%emt 00:00:02]} Bb4 {[%clk 00:02:31]} {[%emt 00:00:12]} 10. d5 {[%clk
00:02:54]} {[%emt 00:00:12]} exd5 {[%clk 00:02:24]} {[%emt 00:00:10]} 11. Nxd5
{[%clk 00:02:55]} {[%emt 00:00:01]} Bg4 {[%clk 00:02:13]} {[%emt 00:00:13]} 12.
Bxf6 {[%clk 00:02:33]} {[%emt 00:00:24]} gxf6 {[%clk 00:02:05]} {[%emt
00:00:05]} 13. Qb3 {[%clk 00:02:27]} {[%emt 00:00:13]} Bxf3 {[%clk 00:01:46]}
{[%emt 00:00:21]} 14. Bxf3 {[%clk 00:02:21]} {[%emt 00:00:08]} Nd4 {[%clk
00:01:44]} {[%emt 00:00:04]} 15. Qxb4 {[%clk 00:02:18]} {[%emt 00:00:05]} Nxf3+
{[%clk 00:01:41]} {[%emt 00:00:05]} 16. gxf3 {[%clk 00:02:18]} c6 {[%clk
00:01:38]} {[%emt 00:00:05]} 17. Ne3 {[%clk 00:02:17]} {[%emt 00:00:03]} Kh8
{[%clk 00:01:32]} {[%emt 00:00:07]} 18. Kh1 {[%clk 00:02:13]} {[%emt 00:00:06]}
Qd7 {[%clk 00:01:23]} {[%emt 00:00:12]} 19. Qc3 {[%clk 00:02:13]} {[%emt
00:00:03]} Qe6 {[%clk 00:01:15]} {[%emt 00:00:10]} 20. Rae1 {[%clk 00:02:12]}
{[%emt 00:00:03]} Qh3 {[%clk 00:00:55]} {[%emt 00:00:30]} 21. Qxf6+ {[%clk
00:02:07]} {[%emt 00:00:03]} Kg8 {[%clk 00:00:53]} {[%emt 00:00:03]} 22. Rg1+
{[%clk 00:02:08]} {[%emt 00:00:01]} 1-0

[Event "Turniej Blitza na II Lidze Juniorów 2018"]
[Site "Szczyrk, Poland"]
[Date "2018.07.26"]
[Round "2.10"]
[White "Syrkiewicz, Michal"]
[Black "Pniaczek, Marek"]
[Result "0-1"]
[TimeControl "3'+2\""]
[BlackTitle "CM"]
[WhiteElo "1518"]
[BlackElo "1995"]

1. c4 {[%emt 00:01:31]} e5 {[%emt 00:00:04]} 2. g3 Nf6 3. Bg2 {[%emt 00:00:01]}
d5 {[%emt 00:00:12]} 4. cxd5 {[%emt 00:00:01]} Nxd5 5. Nc3 Nb6 {[%emt
00:00:01]} 6. Nf3 {[%emt 00:00:04]} Nc6 {[%emt 00:00:03]} 7. d3 {[%emt
00:00:02]} Bc5 {[%emt 00:00:05]} 8. O-O {[%emt 00:00:05]} O-O {[%emt 00:00:02]}
9. a3 {[%emt 00:00:01]} a5 {[%emt 00:00:03]} 10. b3 {[%emt 00:00:08]} Be6
{[%emt 00:00:10]} 11. Bb2 {[%emt 00:00:46]} f6 {[%emt 00:00:04]} 12. Ne4 {[%emt
00:00:08]} Be7 {[%emt 00:00:01]} 13. Rc1 {[%emt 00:00:09]} Qd5 {[%emt
00:00:35]} 14. Nfd2 {[%emt 00:00:12]} Qd7 {[%emt 00:00:16]} 15. Nc4 {[%emt
00:00:05]} Nd5 {[%emt 00:00:07]} 16. Nc3 {[%emt 00:00:25]} Rad8 {[%emt
00:00:19]} 17. Qd2 {[%emt 00:00:13]} b6 {[%emt 00:00:08]} 18. Rfd1 {[%emt
00:00:03]} Nd4 {[%emt 00:00:04]} 19. Nxd5 {[%emt 00:00:21]} Bxd5 {[%emt
00:00:03]} 20. Bxd5+ {[%emt 00:00:08]} Qxd5 {[%emt 00:00:02]} 21. Bxd4 {[%emt
00:00:06]} exd4 {[%emt 00:00:06]} 22. Qb2 {[%emt 00:00:13]} Rfe8 {[%emt
00:00:05]} 23. Nd2 {[%emt 00:00:03]} c5 {[%emt 00:00:08]} 24. Nc4 {[%emt
00:00:01]} Qb7 {[%emt 00:00:08]} 25. Qd2 {[%emt 00:00:02]} Bf8 {[%emt
00:00:04]} 26. a4 {[%emt 00:00:04]} Re6 {[%emt 00:00:05]} 27. Re1 {[%emt
00:00:13]} Rde8 {[%emt 00:00:02]} 28. Rc2 {[%emt 00:00:02]} h5 {[%emt
00:00:06]} 29. e3 h4 {[%emt 00:00:03]} 30. e4 {[%emt 00:00:03]} f5 {[%emt
00:00:07]} 31. f3 {[%emt 00:00:05]} fxe4 {[%emt 00:00:10]} 32. fxe4 {[%emt
00:00:01]} Rg6 {[%emt 00:00:03]} 33. Qf2 {[%emt 00:00:04]} Qc7 {[%emt
00:00:05]} 34. Rf1 {[%emt 00:00:09]} hxg3 {[%emt 00:00:04]} 35. hxg3 {[%emt
00:00:02]} Rxg3+ {[%emt 00:00:14]} 36. Kh1 Rh3+ {[%emt 00:00:02]} 37. Kg1 Qg3+
{[%emt 00:00:04]} 38. Qxg3 {[%emt 00:00:02]} Rxg3+ 39. Rg2 Rxd3 {[%emt
00:00:02]} 40. Nxb6 {[%emt 00:00:01]} Rxb3 {[%emt 00:00:02]} 41. Nc4 {[%emt
00:00:02]} Rxe4 {[%emt 00:00:04]} 42. Nxa5 {[%emt 00:00:02]} Ra3 {[%emt
00:00:02]} 43. Nb7 {[%emt 00:00:02]} Rxa4 {[%emt 00:00:03]} 44. Rxf8+ {[%emt
00:00:02]} Kxf8 {[%emt 00:00:02]} 45. Nxc5 Ra1+ {[%emt 00:00:02]} 46. Kh2 Ree1
{[%emt 00:00:02]} 47. Nd3 {[%emt 00:00:02]} Re3 {[%emt 00:00:02]} 48. Nf4
{[%emt 00:00:02]} d3 {[%emt 00:00:02]} 49. Rd2 {[%emt 00:00:01]} Ra3 {[%emt
00:00:01]} 50. Kg2 {[%emt 00:00:02]} g5 51. Nh3 {[%emt 00:00:03]} Re2+ {[%emt
00:00:01]} 52. Rxe2 {[%emt 00:00:01]} dxe2 53. Kf2 {[%emt 00:00:02]} Rxh3
{[%emt 00:00:01]} 54. Kxe2 g4 55. Kf2 Kf7 {[%emt 00:00:01]} 56. Kg2 Kf6 57. Kf2
{[%emt 00:00:01]} Kf5 0-1